01363nam a2200337 i 450000500170000000700030001700800410002002000300006102000340009104000350012504100080016008200220016810000280019024501000021825000210031826400420033930000630038133600270044433700330047133800280050449000620053252100530059465000570064765000310070465000450073570000390078070000460081994200120086599900150087795201330089220220317001740.0ta210920s2014 sp ao jr 000 0 spa d a9788434224063 (volumen 3) a9788434224346 (Obra completa) aCO-BoRNBPbspaerdacCO-BoRNBP0 aspa04a372.87bC11m12221 aCabacés, Rosereautor13aLa música se muevectextos Roser Cabacés y Elisabet Vilaplana ; ilustraciones Anna Clariana aNovena edición 1aBadalonabParramón Paidotriboc2014 a80 páginasbilustraciones y fotografías a colorc31 cm atextobtxt2rdacontent asin mediaciónbn2rdamedia avolumenbnc2rdacarrier0 aVivamos la música, 3 : leer, jugar, escuchar y aprender aRecomendado para un público mayor de 12 años17aApreciación musicalxEnseñanza elemental2ARMARC17aEstética musical2ARMARC17aExpresión artística infantil2ARMARC1 aVilaplana, ElisabetdAutor91467491 aClariana, Annad1958-eIlustrador9191950 2ddccBK c7959d7959 00102ddc40708GENaMEMAPJGAbMEMAPJGAcGENd2025-07-31l0o372.87 C11m1pMPJG00478r2025-07-31 17:33:01tEj.1w2025-07-31yBK